| 000 | 00000nam##2200000za#4500 |
| 001 | 9.639803 |
| 003 | CaOODSP |
| 005 | 20220107134005 |
| 007 | cr ||||||||||| |
| 008 | 150407|1994||||xxc|||||o f|0| 0 fre|d |
| 040 | |aCaOODSP|bfre |
| 043 | |an-cn--- |
| 086 | 1 |aH72-21/122-1994F-PDF |
| 110 | 2 |aCentre national d'information sur la violence dans la famille (Canada) |
| 245 | 13|aLe secteur des soins de santé et la violence faite aux femmes : |h[ressource électronique]|bdocument de travail établi pour la division de la prévention de la violence familiale de Santé Canada / |c[par] Louise Hanvey et Dianne Kinnon. |
| 260 | |aOttawa - Ontario : |bSanté Canada. |cJuin 1993. |
| 300 | |a12p.|bréférences, tableaux |
| 500 | |aCette version PDF contient seulement l'introduction. Le n° de catalogue (H72-21/122-1994F) et l'ISBN (0-662-99427-2) de l'édition imprimée ont été incorrectement copiés dans l'édition électronique. |
| 590 | |a12-13-Supp|b2012-04-03 |
| 720 | 1 |aHanvey, Louise |
| 720 | 1 |aKinnon, Dianne |
| 776 | 0#|tLe secteur des soins de santé et la violence faite aux femmes : |w(CaOODSP)9.679321 |
| 856 | 40|ahttp://publications.gc.ca|qPDF|s192 Ko|uhttps://publications.gc.ca/collections/Collection/H72-21-122-1994F.pdf |